[Event "Oberliga Wuerttemberg 2324"]
[Site "Wuerttemberg"]
[Date "2024.04.14"]
[Round "9.6"]
[White "Ludwig, Sebastian"]
[Black "Birkenmaier, Rainer"]
[Result "1/2-1/2"]
[WhiteElo "1985"]
[BlackElo "2111"]
[PlyCount "139"]
[EventDate "2023.09.17"]
[EventType "team-tourn"]
[EventRounds "9"]
[EventCountry "GER"]
[SourceTitle "EXT 2025"]
[Source "ChessBase"]
[SourceDate "2024.10.14"]
[SourceVersion "1"]
[SourceVersionDate "2024.10.14"]
[SourceQuality "1"]
[WhiteTeam "Heilbronn II"]
[BlackTeam "Biberach"]
[WhiteTeamCountry "GER"]
[BlackTeamCountry "GER"]

1. d4 Nf6 2. c4 e6 3. Nf3 d5 4. Nc3 c6 5. e3 Nbd7 6. Qc2 Bd6 7. Bd2 Qe7 8. 0-0-0 0-0 9. Bd3 dxc4 10. Bxc4 e5 11. h3 b5 12. Bd3 Bb7 13. Ng5 h6 14. Nge4 b4 15. Na4 Nxe4 16. Bxe4 Nf6 17. Bf3 e4 18. Be2 Rfc8 19. Nc5 Bxc5 20. Qxc5 Qxc5+ 21. dxc5 a5 22. a3 bxa3 23. bxa3 Ba6 24. Bxa6 Rxa6 25. Bc3 Nd5 26. Kc2 Rb8 27. Rb1 Rxb1 28. Rxb1 a4 29. Rb8+ Kh7 30. Re8 f5 31. Re6 Kg8 32. g4 f4 33. Rxe4 fxe3 34. fxe3 Kf7 35. Bd2 Ra7 36. Kd3 g5 37. Rd4 Ke7 38. e4 Nc7 39. Rd6 Nb5 40. Rxh6 Rd7+ 41. Ke2 Nd4+ 42. Kf2 Ne6 43. Rh7+ Ke8 44. Rxd7 Kxd7 45. Be3 Ke7 46. Kg3 Kf6 47. Kf3 Ke5 48. Bf2 Kf6 49. h4 gxh4 50. Bxh4+ Ke5 51. Bf2 Ng5+ 52. Ke2 Kxe4 53. Be3 Ne6 54. Kd2 Nc7 55. g5 Kf5 56. Kd3 Nb5 57. Bc1 Nc7 58. Kd4 Nd5 59. Bd2 Nc7 60. Bc1 Nd5 61. Kd3 Nc7 62. Kc3 Nd5+ 63. Kd4 Nc7 64. g6 Ne6+ 65. Kc4 Kxg6 66. Kb4 Kf5 67. Be3 Ke4 68. Bg1 Kd5 69. Kxa4 Nxc5+ 70. Kb4 1/2-1/2

[Event "Wuerttemberg-chT Rapid"]
[Site "Boeblingen"]
[Date "2024.04.13"]
[Round "2.24"]
[White "Birkenmaier, Rainer"]
[Black "Gillam, Simon Robert"]
[Result "1-0"]
[WhiteElo "2111"]
[BlackElo "2235"]
[PlyCount "45"]
[EventDate "2024.04.13"]
[EventType "team-tourn"]
[EventRounds "9"]
[EventCountry "GER"]
[SourceTitle "CBM 219 Extra"]
[Source "ChessBase"]
[SourceDate "2024.05.31"]
[SourceVersion "1"]
[SourceVersionDate "2024.05.31"]
[SourceQuality "1"]

1. d4 d5 2. Nf3 e6 3. c3 c5 4. e3 Nc6 5. Nbd2 Nf6 6. Bd3 Bd6 7. 0-0 0-0 8. dxc5 Bxc5 9. e4 Re8 10. e5 Ng4 11. Nb3 Bb6 12. Qe2 a6 13. h3 Nxf2 14. Rxf2 Bxf2+ 15. Qxf2 Qc7 16. Bf4 Bd7 17. Nbd4 Nxd4 18. cxd4 Qb6 19. b3 Rac8 20. Qh4 h6 21. Bxh6 gxh6 22. Qxh6 Bb5 23. Bh7+ 1-0

[Event "Oberliga Wuerttemberg 2324"]
[Site "Wuerttemberg"]
[Date "2024.03.24"]
[Round "8.3"]
[White "Birkenmaier, Rainer"]
[Black "Hartmann, Martin"]
[Result "1/2-1/2"]
[WhiteElo "2107"]
[BlackElo "2165"]
[PlyCount "111"]
[EventDate "2023.09.17"]
[EventType "team-tourn"]
[EventRounds "9"]
[EventCountry "GER"]
[SourceTitle "EXT 2025"]
[Source "ChessBase"]
[SourceDate "2024.10.14"]
[SourceVersion "1"]
[SourceVersionDate "2024.10.14"]
[SourceQuality "1"]
[WhiteTeam "Biberach"]
[BlackTeam "Bebenhausen"]
[WhiteTeamCountry "GER"]
[BlackTeamCountry "GER"]

1. d4 Nf6 2. Nf3 d5 3. c3 Bf5 4. Bf4 Nbd7 5. Nbd2 h6 6. e3 e6 7. Qb3 Qc8 8. Ne5 Nxe5 9. Bxe5 Nd7 10. Bg3 Be7 11. c4 c6 12. Bd3 Bxd3 13. Qxd3 0-0 14. 0-0 Nf6 15. h3 Rd8 16. cxd5 exd5 17. Bh4 Qe6 18. Rac1 Bd6 19. Bxf6 Qxf6 20. g3 Re8 21. Kg2 Re7 22. a3 Rae8 23. Rce1 Bb8 24. b4 a6 25. Re2 Qd6 26. Rfe1 Re6 27. e4 dxe4 28. Rxe4 Qd5 29. Kg1 Ba7 30. Rxe6 Rxe6 31. Rxe6 Qxe6 32. Kh2 h5 33. h4 g6 34. Nb3 Qd5 35. Qe3 Kh7 36. Kg1 Qf5 37. Kg2 Qd5+ 38. Kg1 Qf5 39. Kg2 b6 40. Qf3 Qxf3+ 41. Kxf3 Bb8 42. Nd2 Kg7 43. Nc4 Bc7 44. Ke3 Kf6 45. f4 Kf5 46. Kf3 f6 47. Ne3+ Ke6 48. Ke4 f5+ 49. Kd3 b5 50. Kc3 a5 51. Kd3 axb4 52. axb4 Bd8 53. Kc3 Be7 54. Kb3 Bf6 55. Kc3 Be7 56. Kb3 1/2-1/2

[Event "Oberliga Wuerttemberg 2324"]
[Site "Wuerttemberg"]
[Date "2023.12.10"]
[Round "4.4"]
[White "Goldinger, Peter"]
[Black "Birkenmaier, Rainer"]
[Result "1/2-1/2"]
[WhiteElo "2040"]
[BlackElo "2098"]
[PlyCount "32"]
[EventDate "2023.09.17"]
[EventType "team-tourn"]
[EventRounds "9"]
[EventCountry "GER"]
[SourceTitle "EXT 2025"]
[Source "ChessBase"]
[SourceDate "2024.10.14"]
[SourceVersion "1"]
[SourceVersionDate "2024.10.14"]
[SourceQuality "1"]
[WhiteTeam "Pfullingen"]
[BlackTeam "Biberach"]
[WhiteTeamCountry "GER"]
[BlackTeamCountry "GER"]

1. d4 Nf6 2. c4 e6 3. Nc3 d5 4. Nf3 c6 5. e3 Nbd7 6. a3 Bd6 7. Qc2 0-0 8. Be2 dxc4 9. Bxc4 e5 10. Ba2 Qe7 11. h3 exd4 12. Nxd4 Nb6 13. Nf5 Bxf5 14. Qxf5 Qe5 15. Qxe5 Bxe5 16. Bd2 Rad8 1/2-1/2

[Event "Oberliga Wuerttemberg 2223"]
[Site "Wuerttemberg"]
[Date "2023.05.07"]
[Round "9.5"]
[White "Birkenmaier, Rainer"]
[Black "Hartmann, Martin"]
[Result "1/2-1/2"]
[WhiteElo "2092"]
[BlackElo "2176"]
[PlyCount "144"]
[EventDate "2022.09.18"]
[EventType "team-tourn"]
[EventRounds "9"]
[EventCountry "GER"]
[SourceTitle "EXT 2025"]
[Source "ChessBase"]
[SourceDate "2024.10.14"]
[SourceVersion "1"]
[SourceVersionDate "2024.10.14"]
[SourceQuality "1"]
[WhiteTeam "Biberach"]
[BlackTeam "Bebenhausen"]
[WhiteTeamCountry "GER"]
[BlackTeamCountry "GER"]

1. d4 c5 2. e3 Nf6 3. Nf3 g6 4. c3 cxd4 5. exd4 Bg7 6. Bd3 0-0 7. 0-0 b6 8. Bg5 Bb7 9. Nbd2 d6 10. Re1 Nbd7 11. Qe2 Re8 12. Ne4 Nxe4 13. Bxe4 Bxe4 14. Qxe4 Nf6 15. Qb7 h6 16. Bh4 e6 17. Rad1 Qc8 18. Qxc8 Raxc8 19. Bxf6 Bxf6 20. Kf1 d5 21. Ke2 Rc7 22. Rc1 Rec8 23. Rc2 b5 24. Rec1 Kf8 25. Kd3 Ke7 26. g3 g5 27. h3 Kd6 28. Nd2 Rb7 29. a3 Be7 30. Nf3 Bf6 31. Nd2 Rbc7 32. Nb3 Be7 33. Re1 Kd7 34. Rce2 Bxa3 35. Rc2 Bd6 36. Ra1 b4 37. Ra6 bxc3 38. Rxc3 Rxc3+ 39. bxc3 Rc7 40. g4 f6 41. f3 Be7 42. Nc5+ Bxc5 43. dxc5 Rxc5 44. Rxa7+ Rc7 45. Ra8 Kd6 46. Rh8 Ke5 47. Rxh6 Rf7 48. Ke3 Rc7 49. Kd3 Ra7 50. h4 gxh4 51. Rxh4 Kf4 52. Rh6 Rf7 53. Ke2 Rf8 54. Rg6 e5 55. Kf2 e4 56. fxe4 dxe4 57. Ke2 Ke5 58. Rh6 Kf4 59. Rg6 Rf7 60. Kf2 Ke5 61. Rh6 Rc7 62. Rh5+ Kf4 63. Rf5+ Kxg4 64. Rxf6 Rxc3 65. Rf8 Ra3 66. Rf7 Kg5 67. Rf8 Kg4 68. Rf7 Rf3+ 69. Rxf3 exf3 70. Kf1 Kg3 71. Kg1 f2+ 72. Kf1 Kf3 1/2-1/2

[Event "Oberliga Wuerttemberg 2223"]
[Site "Wuerttemberg"]
[Date "2023.01.15"]
[Round "5.3"]
[White "Birkenmaier, Rainer"]
[Black "Bronznik, Valerij"]
[Result "1/2-1/2"]
[WhiteElo "2091"]
[BlackElo "2278"]
[PlyCount "66"]
[EventDate "2022.09.18"]
[EventType "team-tourn"]
[EventRounds "9"]
[EventCountry "GER"]
[SourceTitle "EXT 2025"]
[Source "ChessBase"]
[SourceDate "2024.10.14"]
[SourceVersion "1"]
[SourceVersionDate "2024.10.14"]
[SourceQuality "1"]
[WhiteTeam "Biberach"]
[BlackTeam "Deizisau II"]
[WhiteTeamCountry "GER"]
[BlackTeamCountry "GER"]

1. d4 d5 2. Nf3 Nc6 3. Bf4 Bg4 4. Nbd2 e6 5. c3 Bd6 6. Bg3 Nf6 7. Qb3 Rb8 8. e3 0-0 9. Bd3 Re8 10. 0-0 Bxg3 11. hxg3 e5 12. dxe5 Nxe5 13. Nxe5 Rxe5 14. Nf3 Re8 15. c4 c6 16. cxd5 Qxd5 17. Qxd5 Nxd5 18. Bc4 Rbd8 19. Rfd1 Nf6 20. Kf1 Kf8 21. Ke1 Ke7 22. Be2 c5 23. Rac1 Rxd1+ 24. Bxd1 Rc8 25. Nd2 Bxd1 26. Kxd1 b5 27. Ke2 Nd7 28. b3 f5 29. e4 Kf6 30. Ke3 h6 31. f4 Re8 32. Kf3 h5 33. Rc3 g5 1/2-1/2

[Event "Feffernitz op 31st"]
[Site "Feffernitz"]
[Date "2022.08.11"]
[Round "7"]
[White "Postlmayer, Jakob"]
[Black "Birkenmaier, Rainer"]
[Result "1-0"]
[WhiteElo "2268"]
[BlackElo "2109"]
[PlyCount "105"]
[EventDate "2022.08.06"]
[EventType "swiss"]
[EventRounds "9"]
[EventCountry "AUT"]
[SourceTitle "CBM 209 Extra"]
[Source "ChessBase"]
[SourceDate "2022.09.30"]
[SourceVersion "1"]
[SourceVersionDate "2022.09.30"]
[SourceQuality "1"]

1. d4 d5 2. c4 e6 3. Nf3 c6 4. e3 Nf6 5. Nbd2 Nbd7 6. Bd3 Bd6 7. e4 dxe4 8. Nxe4 Nxe4 9. Bxe4 Nf6 10. Bc2 Bb4+ 11. Bd2 Qa5 12. 0-0 Bxd2 13. Nxd2 0-0 14. Qe2 Qc7 15. Ne4 Nxe4 16. Qxe4 g6 17. Qe3 b6 18. Rad1 Ba6 19. b3 Rad8 20. h4 c5 21. dxc5 Qxc5 22. Qg5 Qxg5 23. hxg5 Kg7 24. f4 h6 25. gxh6+ Kxh6 26. Kf2 Kg7 27. Be4 f5 28. Bc6 Kf6 29. Rfe1 Bc8 30. g3 g5 31. Rh1 gxf4 32. gxf4 Rxd1 33. Rxd1 Rh8 34. Bg2 Ke7 35. b4 Bd7 36. Ke3 Rh2 37. Rd2 a5 38. bxa5 bxa5 39. c5 Bb5 40. c6 Rh8 41. Rd7+ Kf6 42. Rb7 Bxc6 43. Bxc6 e5 44. fxe5+ Kxe5 45. Rb5+ Kd6 46. Bf3 a4 47. Rb4 a3 48. Rb3 Ke5 49. Rxa3 f4+ 50. Ke2 Kd4 51. Rd3+ Kc5 52. Bd5 Rh2+ 53. Kf1 1-0

[Event "Oberliga Wuerttemberg 2122"]
[Site "Wuerttemberg"]
[Date "2021.09.19"]
[Round "1.6"]
[White "Foerderreuther, Jonas"]
[Black "Birkenmaier, Rainer"]
[Result "1/2-1/2"]
[WhiteElo "2001"]
[BlackElo "2101"]
[PlyCount "128"]
[EventDate "2021.09.19"]
[EventType "team-tourn"]
[EventRounds "9"]
[EventCountry "GER"]
[SourceTitle "EXT 2023"]
[Source "ChessBase"]
[SourceDate "2022.10.05"]
[SourceVersion "1"]
[SourceVersionDate "2022.10.05"]
[SourceQuality "1"]
[WhiteTeam "Ulm Weisse Dame"]
[BlackTeam "Biberach"]
[WhiteTeamCountry "GER"]
[BlackTeamCountry "GER"]

1. d4 g6 2. e4 Bg7 3. c4 d6 4. Nc3 Nc6 5. d5 Nd4 6. Nge2 c5 7. Be3 Nxe2 8. Bxe2 h5 9. 0-0 b6 10. Qd2 Bd7 11. Bd3 Nh6 12. h3 Qc8 13. Rae1 Kf8 14. Bf4 f6 15. Bh2 g5 16. f4 gxf4 17. Ne2 Nf7 18. Nxf4 Ne5 19. Be2 Bh6 20. Qc3 Bxf4 21. Bxf4 Ke8 22. Qg3 Kd8 23. Qg7 Kc7 24. Qxe7 Qf8 25. Qxf8 Raxf8 26. Bxe5 dxe5 27. Rf2 Kd6 28. Ref1 Rh6 29. Rf3 h4 30. Ra3 a5 31. Rb3 Rb8 32. Rbf3 Rf8 33. Kh2 Ke7 34. Rb3 Rb8 35. Rbf3 Rf8 36. R1f2 Kd6 37. Rb3 Rb8 38. Rbf3 Rf8 39. Bf1 Ke7 40. Rb3 Rb8 41. Rbf3 Rf8 42. a3 Kd6 43. b3 Rg6 44. Rb2 Rfg8 45. b4 axb4 46. axb4 Ra8 47. b5 Ke7 48. Rbf2 Ra1 49. Be2 Re1 50. Bd3 Ra1 51. Rf1 Ra2 52. R1f2 Rxf2 53. Rxf2 Rg3 54. Rf3 Rxf3 55. gxf3 Kf7 56. Kg2 Kg6 57. Bf1 Kg5 58. Kf2 Kf4 59. Bg2 Be8 60. Ke2 Bd7 61. Kf2 Be8 62. Bf1 Bf7 63. Bd3 Bh5 64. Be2 Be8 1/2-1/2

[Event "Feffernitz op 28th"]
[Site "Feffernitz"]
[Date "2019.08.25"]
[Round "9"]
[White "Birkenmaier, Rainer"]
[Black "Bulatovic, Milorad"]
[Result "1-0"]
[WhiteElo "2076"]
[BlackElo "1932"]
[PlyCount "111"]
[EventDate "2019.08.18"]
[EventType "swiss"]
[EventRounds "9"]
[EventCountry "AUT"]
[SourceTitle "EXT 2020"]
[Source "ChessBase"]
[SourceDate "2019.10.17"]
[SourceVersion "1"]
[SourceVersionDate "2019.10.17"]
[SourceQuality "1"]

1. d4 f5 2. Nf3 Nf6 3. g3 g6 4. Bg2 Bg7 5. 0-0 d5 6. Bf4 0-0 7. c3 c6 8. Nbd2 Ne4 9. Be5 Bf6 10. Ne1 Nxd2 11. Qxd2 Bxe5 12. dxe5 Nd7 13. Nd3 e6 14. h4 Qc7 15. f4 c5 16. b4 Rb8 17. Rfb1 cxb4 18. cxb4 Nb6 19. Qe3 Ra8 20. Qc5 Qd7 21. Nb2 Qe8 22. a4 Bd7 23. a5 Rc8 24. Qd4 Nc4 25. Qxa7 Nd2 26. Rd1 Rc2 27. Nd3 Ne4 28. Bxe4 fxe4 29. Nf2 Qc8 30. Qd4 Rc4 31. Qd2 Rc2 32. Qd4 Bb5 33. Re1 Bxe2 34. Qe3 Bb5 35. Rac1 Rc4 36. Ng4 Qc6 37. Rxc4 Bxc4 38. Nf6+ Kg7 39. Rc1 Qb5 40. Qc3 b6 41. Nxe4 bxa5 42. bxa5 Ra8 43. Ng5 Qc5+ 44. Kg2 Ra6 45. Qb2 Qc6 46. Qb4 Qc7 47. Ra1 h6 48. Nf3 Kf7 49. Nd4 Bd3 50. Kf2 Ra7 51. Qd6 Qc8 52. Qa3 Qa6 53. Rc1 Bc4 54. Rb1 Kg8 55. Rb8+ Kh7 56. Qf8 1-0

[Event "Feffernitz op 28th"]
[Site "Feffernitz"]
[Date "2019.08.24"]
[Round "8"]
[White "Riemelmoser, Franz"]
[Black "Birkenmaier, Rainer"]
[Result "1/2-1/2"]
[WhiteElo "2244"]
[BlackElo "2076"]
[PlyCount "120"]
[EventDate "2019.08.18"]
[EventType "swiss"]
[EventRounds "9"]
[EventCountry "AUT"]
[SourceTitle "EXT 2020"]
[Source "ChessBase"]
[SourceDate "2019.10.17"]
[SourceVersion "1"]
[SourceVersionDate "2019.10.17"]
[SourceQuality "1"]

1. c4 Nf6 2. g3 g6 3. Bg2 Bg7 4. Nc3 0-0 5. e4 d6 6. Nge2 c5 7. 0-0 Nc6 8. d3 e5 9. Bg5 h6 10. Bxf6 Bxf6 11. a3 h5 12. h4 Kg7 13. Rb1 a5 14. Kh2 Be6 15. Bh3 Qd7 16. Ng1 Bd8 17. Nd5 f5 18. exf5 Bxf5 19. Bg2 Be6 20. Ne2 Ra7 21. Qd2 Nd4 22. Nxd4 cxd4 23. b4 axb4 24. axb4 g5 25. hxg5 Bxd5 26. Bxd5 Qg4 27. f3 Qxg5 28. Qxg5+ Bxg5 29. Kh3 Bd2 30. b5 b6 31. Ra1 Rxa1 32. Rxa1 Ba5 33. Rf1 Kh6 34. f4 Bd2 35. f5 Kg5 36. Be4 Rf7 37. Ra1 Ba5 38. Kg2 Rf6 39. Rh1 Rh6 40. Kf3 Bc3 41. Rh2 Bb4 42. Ra2 Ba5 43. Rg2 Be1 44. Rg1 Bb4 45. Ke2 Rf6 46. Kd1 Rf7 47. Kc2 Kg4 48. Kb3 Bc5 49. Bd5 Rf6 50. Be6 Kf3 51. Kc2 e4 52. g4 hxg4 53. Bd5 Kf2 54. Rxg4 exd3+ 55. Kxd3 Rxf5 56. Rg2+ Kf1 57. Ra2 Re5 58. Bg2+ Ke1 59. Be4 Kf1 60. Bg2+ Ke1 1/2-1/2

[Event "Feffernitz op 28th"]
[Site "Feffernitz"]
[Date "2019.08.19"]
[Round "3"]
[White "Birkenmaier, Rainer"]
[Black "Postlmayer, Jakob"]
[Result "1/2-1/2"]
[WhiteElo "2076"]
[BlackElo "2188"]
[PlyCount "81"]
[EventDate "2019.08.18"]
[EventType "swiss"]
[EventRounds "9"]
[EventCountry "AUT"]
[SourceTitle "EXT 2020"]
[Source "ChessBase"]
[SourceDate "2019.10.17"]
[SourceVersion "1"]
[SourceVersionDate "2019.10.17"]
[SourceQuality "1"]

1. d4 d5 2. Nf3 Nf6 3. c3 c5 4. Bf4 Nc6 5. e3 Qb6 6. Qb3 c4 7. Qxb6 axb6 8. a3 b5 9. Ne5 Bf5 10. Nxc6 bxc6 11. Nd2 e6 12. Rc1 c5 13. dxc5 Bxc5 14. Be2 Nd7 15. Nf3 Be4 16. 0-0 f6 17. Rfd1 Ke7 18. Bg3 Ra6 19. Nd4 Rb6 20. Rd2 e5 21. Nc2 Ke6 22. Ne1 g5 23. Bf3 Bxf3 24. gxf3 f5 25. f4 h5 26. h4 gxf4 27. exf4 e4 28. Kh2 Rd6 29. Nc2 Nb6 30. f3 Na4 31. Rb1 Rg8 32. Bf2 Bxf2 33. Rxf2 exf3 34. Rxf3 Kf6 35. Nd4 Rg4 36. Kh3 Rd7 37. Re1 Nxb2 38. Re6+ Kf7 39. Rh6 Nd3 40. Rh7+ Ke8 41. Rh8+ 1/2-1/2

[Event "Feffernitz op 26th"]
[Site "Feffernitz"]
[Date "2017.08.22"]
[Round "4"]
[White "Pavlov, Mikhail"]
[Black "Birkenmaier, Rainer"]
[Result "0-1"]
[WhiteElo "1808"]
[BlackElo "2090"]
[PlyCount "58"]
[EventDate "2017.08.20"]
[EventType "swiss"]
[EventRounds "9"]
[EventCountry "AUT"]
[SourceTitle "CBM 180 Extra"]
[Source "ChessBase"]
[SourceDate "2017.10.06"]
[SourceVersion "1"]
[SourceVersionDate "2017.10.06"]
[SourceQuality "1"]

1. e4 g6 2. d4 Bg7 3. Nc3 c6 4. Nf3 d5 5. e5 Bg4 6. Be2 Na6 7. Be3 Nc7 8. 0-0 h5 9. Re1 Nh6 10. Qd2 Bxf3 11. Bxf3 Nf5 12. Ne2 Nh4 13. c3 Ne6 14. Rad1 Qd7 15. Kh1 Nxf3 16. gxf3 Bf8 17. Qc2 Ng7 18. Bg5 Qf5 19. Qxf5 Nxf5 20. e6 f6 21. Bc1 Bh6 22. Rg1 Bxc1 23. Nxc1 g5 24. f4 g4 25. f3 gxf3 26. Rg3 Nxg3+ 27. hxg3 Rg8 28. Kh2 h4 29. Rd3 Rxg3 0-1

[Event "Feffernitz op 26th"]
[Site "Feffernitz"]
[Date "2017.08.21"]
[Round "3"]
[White "Birkenmaier, Rainer"]
[Black "Kainz, Josef"]
[Result "1-0"]
[WhiteElo "2090"]
[BlackElo "1832"]
[PlyCount "125"]
[EventDate "2017.08.20"]
[EventType "swiss"]
[EventRounds "9"]
[EventCountry "AUT"]
[SourceTitle "CBM 180 Extra"]
[Source "ChessBase"]
[SourceDate "2017.10.06"]
[SourceVersion "1"]
[SourceVersionDate "2017.10.06"]
[SourceQuality "1"]

1. d4 Nf6 2. Nf3 e6 3. Nbd2 c5 4. e3 d5 5. c3 Nc6 6. Bd3 Be7 7. 0-0 0-0 8. dxc5 Bxc5 9. e4 Qc7 10. Qe2 h6 11. Bc2 Bd6 12. Re1 Ng4 13. Nf1 Bc5 14. Ne3 Bxe3 15. Bxe3 dxe4 16. Bxe4 Nxe3 17. Qxe3 b6 18. Bxc6 Qxc6 19. Ne5 Qc7 20. Rad1 a5 21. Qd4 Ba6 22. Qd6 Qb7 23. Qc6 Rad8 24. Qxb7 Bxb7 25. Nd7 Rfe8 26. Nxb6 Bc6 27. b3 Rb8 28. Nd7 Rb5 29. Ne5 Bb7 30. c4 Rb4 31. Rd6 Kf8 32. Red1 Be4 33. Nd7+ Ke7 34. Nc5 Bc2 35. Rd7+ Kf6 36. Rc1 Rc8 37. Na6 Rb6 38. Rxc2 Rxa6 39. Kf1 Rb8 40. Rc3 a4 41. Rf3+ Kg6 42. Rfxf7 axb3 43. Rxg7+ Kf6 44. Rgf7+ Kg6 45. axb3 Rxb3 46. g3 Rc6 47. Rg7+ Kf6 48. f4 Kf5 49. Rc7 Ra6 50. Ra7 Rc6 51. Rgc7 Rd6 52. Ra2 Rc3 53. Re2 Kg4 54. Kg2 Kf5 55. Kh3 Rd4 56. c5 Kf6 57. Kg4 Rd5 58. Rc6 h5+ 59. Kh4 Rcxc5 60. Rexe6+ Kf7 61. Rxc5 Rxc5 62. Re5 Rc2 63. h3 1-0

[Event "Oberliga Wuerttemberg 1617"]
[Site "Wuerttemberg"]
[Date "2016.12.04"]
[Round "5.5"]
[White "Birkenmaier, Rainer"]
[Black "Meschke, Andreas"]
[Result "1/2-1/2"]
[WhiteElo "2096"]
[BlackElo "2080"]
[PlyCount "90"]
[EventDate "2016.09.25"]
[EventType "team-tourn"]
[EventRounds "11"]
[EventCountry "GER"]
[SourceTitle "EXT 2019"]
[Source "ChessBase"]
[SourceDate "2018.10.10"]
[SourceVersion "1"]
[SourceVersionDate "2018.10.10"]
[SourceQuality "1"]
[WhiteTeam "Biberach"]
[BlackTeam "Erdmannhausen"]
[WhiteTeamCountry "GER"]
[BlackTeamCountry "GER"]

1. d4 d5 2. Nf3 c6 3. c3 Bf5 4. Bf4 Qb6 5. Qb3 Bxb1 6. Rxb1 Nd7 7. e3 e6 8. Bd3 Ngf6 9. h3 c5 10. Qxb6 axb6 11. a3 Be7 12. 0-0 0-0 13. Rfe1 c4 14. Bc2 b5 15. Bg5 h6 16. Bxf6 Bxf6 17. e4 Nb6 18. g3 Rfd8 19. Kg2 Rd7 20. e5 Be7 21. Re3 Rc7 22. Ne1 Ra6 23. f4 Nc8 24. Nf3 Bf8 25. g4 g6 26. h4 Ne7 27. Kh3 Bg7 28. Rg1 Kh8 29. Nd2 Rc8 30. Nf1 b4 31. axb4 Ra2 32. Rg2 Rxb2 33. Ng3 Ra8 34. f5 Bf8 35. fxg6 fxg6 36. Rf2 Bg7 37. Rf7 Rxc2 38. Rxe7 Raa2 39. g5 h5 40. Nxh5 gxh5 41. Rxb7 Rh2+ 42. Kg3 Raf2 43. b5 Rhg2+ 44. Kh3 Bxe5 45. Rxe5 Rh2+ 1/2-1/2

[Event "Oberliga Wuerttemberg 1516"]
[Site "Wuerttemberg"]
[Date "2015.10.11"]
[Round "2.4"]
[White "Hofer, Emilian"]
[Black "Birkenmaier, Rainer"]
[Result "1-0"]
[WhiteElo "2197"]
[BlackElo "2074"]
[PlyCount "117"]
[EventDate "2015.09.20"]
[EventType "team-tourn"]
[EventRounds "9"]
[EventCountry "GER"]
[SourceTitle "EXT 2019"]
[Source "ChessBase"]
[SourceDate "2018.10.10"]
[SourceVersion "1"]
[SourceVersionDate "2018.10.10"]
[SourceQuality "1"]
[WhiteTeam "Jedesheim"]
[BlackTeam "Biberach"]
[WhiteTeamCountry "GER"]
[BlackTeamCountry "GER"]

1. e4 e6 2. d4 d5 3. Nd2 Nf6 4. e5 Nfd7 5. c3 c5 6. Bd3 Nc6 7. Ne2 cxd4 8. cxd4 f6 9. exf6 Nxf6 10. Nf3 Bd6 11. 0-0 Qc7 12. Bg5 0-0 13. Nc3 a6 14. Rc1 Bd7 15. Na4 Ne4 16. Bxe4 dxe4 17. Ne5 Bxe5 18. dxe5 Rf5 19. Bh4 g5 20. Bg3 Rd8 21. Qe2 Qa5 22. Nc5 Bc8 23. Nxe4 Rd4 24. Nf6+ Kg7 25. Qh5 h6 26. Ng4 Rxg4 27. Qxg4 Qxa2 28. Qe2 Bd7 29. f4 Kg6 30. fxg5 hxg5 31. Rcd1 Be8 32. Rxf5 exf5 33. e6 Qa5 34. Kh1 f4 35. Be1 Qe5 36. Qc4 f3 37. Qd3+ Qf5 38. gxf3 Ne5 39. Qxf5+ Kxf5 40. e7 Ke6 41. Bb4 Nxf3 42. Kg2 Nh4+ 43. Kh3 Nf5 44. Re1+ Kf6 45. Kg4 Nh6+ 46. Kf3 Nf5 47. Kf2 Nh4 48. Ke2 Nf5 49. Kd2 Nh4 50. Kc3 Nf3 51. Rf1 g4 52. h3 Kf5 53. hxg4+ Kxg4 54. Rd1 Ng5 55. Rd8 Ne4+ 56. Kd4 Nf6 57. Ke5 Kg5 58. Bd2+ Kg6 59. Rd6 1-0

[Event "Forchheim op-A 13th"]
[Site "Forchheim"]
[Date "2014.10.05"]
[Round "5"]
[White "Birkenmaier, Rainer"]
[Black "Poghosyan, Tigran"]
[Result "1-0"]
[WhiteElo "2077"]
[BlackElo "1927"]
[PlyCount "55"]
[EventDate "2014.10.03"]
[EventType "swiss"]
[EventRounds "5"]
[EventCountry "GER"]
[SourceTitle "EXT 2019"]
[Source "ChessBase"]
[SourceDate "2018.10.10"]
[SourceVersion "1"]
[SourceVersionDate "2018.10.10"]
[SourceQuality "1"]

1. d4 Nf6 2. Nf3 g6 3. Bg5 Ne4 4. Bh4 c5 5. Nbd2 d5 6. c3 Bg7 7. e3 Nc6 8. Nxe4 dxe4 9. Nd2 cxd4 10. exd4 Bf5 11. Bb5 Qb6 12. Qb3 Bd7 13. Nxe4 0-0 14. Nc5 Nxd4 15. Nxd7 Nxb3 16. Nxb6 axb6 17. Rb1 Ra5 18. Bxe7 Rc8 19. axb3 Rxb5 20. Kd2 Rd5+ 21. Kc2 Re5 22. Rbe1 Rxe1 23. Rxe1 Re8 24. Re3 Rc8 25. Rd3 Bf8 26. Bxf8 Kxf8 27. Rd7 Re8 28. Kd2 1-0

[Event "Forchheim op-A 13th"]
[Site "Forchheim"]
[Date "2014.10.03"]
[Round "1"]
[White "Miller, Eduard"]
[Black "Birkenmaier, Rainer"]
[Result "1-0"]
[WhiteElo "2143"]
[BlackElo "2077"]
[PlyCount "87"]
[EventDate "2014.10.03"]
[EventType "swiss"]
[EventRounds "5"]
[EventCountry "GER"]
[SourceTitle "EXT 2019"]
[Source "ChessBase"]
[SourceDate "2018.10.10"]
[SourceVersion "1"]
[SourceVersionDate "2018.10.10"]
[SourceQuality "1"]

1. e4 g6 2. d4 Bg7 3. c4 d6 4. Nc3 e5 5. Nge2 exd4 6. Nxd4 Nc6 7. Be3 Nxd4 8. Bxd4 Bxd4 9. Qxd4 Qf6 10. Qd2 Be6 11. Nd5 Bxd5 12. cxd5 Ne7 13. Rc1 c5 14. dxc6 bxc6 15. Bc4 0-0 16. 0-0 d5 17. exd5 cxd5 18. Bb3 Rac8 19. Rxc8 Rxc8 20. Rd1 Kg7 21. h3 Rd8 22. Qa5 Qb6 23. Qc3+ Kg8 24. Rd4 Rd7 25. g4 Qe6 26. Rf4 f5 27. g5 Qc6 28. Qe3 Qd6 29. Ra4 Qb6 30. Qe5 Qc7 31. Qe6+ Kf8 32. Qf6+ Kg8 33. Ra6 Qd8 34. Re6 Nc8 35. Qe5 Kf7 36. h4 Nb6 37. a4 Nc4 38. Rf6+ Kg8 39. Qe6+ Kg7 40. h5 gxh5 41. Qxf5 Qe7 42. Bc2 Kg8 43. g6 Nd6 44. gxh7+ 1-0